Psychické důsledky dlouhodobé nezamestnanosti

Význam práce pre človeka. Dôsledky straty práce. Individuálnosť zvládnutia straty práce. Význam rodiny a domova. Štrukturálne zmeny v podnikoch. Charakteristika outplacementu.

Uložené v:
Podrobná bibliografia
Hlavný autor: Buchtová, Božena
Médium: Kapitola
Jazyk:Czech
Predmet:
Tagy: Pridať tag
Žiadne tagy, Buďte prvý, kto otaguje tento záznam!

MARC

LEADER 00000naa$a2200000$$$4500
001 0053591
005 20231019113943.7
041 0 |a cze 
044 |a CZ 
245 1 0 |a Psychické důsledky dlouhodobé nezamestnanosti  |c Božena Buchtová 
520 |a Význam práce pre človeka. Dôsledky straty práce. Individuálnosť zvládnutia straty práce. Význam rodiny a domova. Štrukturálne zmeny v podnikoch. Charakteristika outplacementu. 
610 2 0 |a nezamestnanosť dlhodobá 
610 2 0 |a podnik 
610 2 0 |a rodina 
610 2 0 |a prepúšťanie pracovníkov 
610 2 0 |a psychológia 
100 1 |a Buchtová, Božena